Statistiken für Haltestellen der Wiener Buslinie 11A

Klicken Sie hier um das Quiz zu spielen!

Allgemein

  • Dieses Quiz wurde 14 mal gespielt
  • Das Durchschnittsergebnis liegt bei 16 aus 24

Antwortstatistiken

Andere LinienStation% Korrekt
2, 31, 33, 5A, 11BFriedrich-Engels-Platz
88%
U6, ÖBB, 5A, 11BHandelskai
88%
U4. ÖBB, D, 5B, 10A, 38A, 39AHeiligenstadt
88%
U2, 77AStadion
88%
U1, 11BVorgartenstraße
88%
5A, 11B, 37AEngerthstraße/Traisengasse
75%
11BHillerstraße
75%
5BMuthgasse
75%
5A, 11BAllerheiligengasse
63%
-Dr.-Adolf-Schärf-Heim
63%
82AElderschplatz
63%
-Forsthausgasse
63%
-Geistingergasse
63%
11BHolubstraße
63%
11BJungstraße
63%
5ALeystraße
63%
11BPensionsversicherungsanstalt
63%
11BEngerthstraße/Innstraße
50%
11BLassallestraße
50%
-Pensionisten-Wohnhaus Prater
50%
-Sturgasse
50%
11BWalcherstraße
50%
5BMichael-Neumann-Gasse
38%
5BMooslackengasse
38%

Verteilung der Resultate

Perzentil nach korrekt beantworteten Fragen

Anzahl Personen mit jedem Resultat

Ihre Resultats-Entwicklung

Sie haben dieses Quiz noch nicht gespielt